[Event "45th Olympiad Budapest 2024"]
[Site "Budapest"]
[Date "2024.09.13"]
[Round "3"]
[Board "1"]
[White "Mendoza, Shania Mae"]
[Black "Fuad Kamel Jamaliah, Natalie"]
[Result "1-0"]
[WhiteElo "2013"]
[BlackElo "2003"]
[PlyCount "81"]
[EventDate "2024.09.11"]
[EventType "team-tourn"]
[EventRounds "11"]
[EventCountry "HUN"]
[WhiteTeam "Philippines"]
[BlackTeam "Jordan"]
[WhiteTeamCountry "PHI"]
[BlackTeamCountry "JOR"]

1. e4 {[%emt 0:00:04]} c5 {[%emt 0:00:06]} 2. Nc3 {[%emt 0:00:25]} e6 {[%emt 0:01:05]} 3. d4 {[%emt 0:05:41]} cxd4 {[%emt 0:04:15]} 4. Qxd4 {[%emt 0:00:39]} Nc6 {[%emt 0:00:31]} 5. Qd3 {[%emt 0:00:39]} a6 {[%emt 0:02:24]} 6. Bf4 {[%emt 0:05:18]} Qf6 $146 {[%emt 0:21:54]} ({RR} 6... Nf6 7. O-O-O Bc5 8. Nf3 O-O 9. e5 Ng4 10. Ne4 Qa5 11. Kb1 Nb4 12. Qc4 Bxf2 13. Bd2 Ne3 14. Bxb4 Nxc4 15. Bxa5 Nxa5 16. Nxf2 b5 17. Ne4 Bb7 18. Nd6 Bd5 19. Bd3 Nc6 20. Be4 Bxe4 21. Nxe4 {1-0 Biernacki,M (1981)-Nikologorsky,M (2182) Titled Tue 21st Nov Late 2023 (2)}) ({RR} 6... b5 7. O-O-O Qa5 8. Kb1 Nge7 9. Bd6 Ng6 10. Bxf8 Rxf8 11. Nf3 b4 12. Ne2 Qc5 13. Ned4 f6 14. Be2 Nce7 15. g3 Kf7 16. h4 Kg8 17. Nb3 Qc7 18. h5 Ne5 19. Nxe5 fxe5 20. h6 g6 21. f4 {½-½ Najer,E (2679)-Vitiugov,N (2726) Wch Blitz Doha 2016 (3)}) ({RR} 6... Bb4 7. O-O-O Qa5 8. Nge2 Ne5 9. Qg3 Ng6 10. Bd6 Bxd6 11. Qxd6 Qe5 12. Qd2 N8e7 13. f4 Qc7 14. f5 Ne5 15. Qg5 Rg8 16. Nd4 b6 17. Be2 Bb7 18. Qh5 g6 19. Qxh7 O-O-O 20. fxe6 dxe6 21. Qh4 {1-0 Nguyen Hong Nhung (2068)-Pham Le Thao Nguyen (2395) Swiss Queens Wed #15 2024 (7.115)}) ({RR} 6... b5 7. O-O-O Bb7 8. Kb1 Nf6 9. e5 Nb4 10. Qe2 Nfd5 11. Nxd5 Bxd5 12. a3 Ba2+ 13. Ka1 Bc4 14. Qd2 Nd5 15. Nf3 Rc8 16. Be3 Qc7 17. Kb1 Be7 18. Bd3 h6 19. Rhe1 b4 20. a4 Nc3+ 21. Kc1 {0-1 Rozman,L (2322)-Vakhlamov,I (2413) Titled Tue 7th May Late 2024 (10)}) 7. Nge2 {[%emt 0:03:43]} Bb4 {[%emt 0:03:42]} 8. O-O-O {[%emt 0:00:48]} Nge7 {[%emt 0:05:28]} 9. h4 {[%emt 0:03:19]} Ng6 {[%emt 0:19:12]} 10. Bg3 {[%emt 0:04:18]} Nge5 {[%emt 0:02:02]} 11. Qe3 {[%emt 0:02:57]} Ng4 {[%emt 0:03:30]} 12. Qg5 {[%emt 0:01:33]} Qxg5+ {[%emt 0:01:10]} 13. hxg5 {[%emt 0:00:07]} Bc5 {[%emt 0:00:32]} 14. f4 {[%emt 0:04:07]} Nf2 {[%emt 0:02:01]} 15. Bxf2 {[%emt 0:00:11]} Bxf2 {[%emt 0:00:06]} 16. Rd3 {[%emt 0:00:18]} b5 {[%emt 0:03:50]} 17. e5 {[%emt 0:07:29]} Nb4 {[%emt 0:04:00]} 18. Rdh3 {[%emt 0:00:46]} Ke7 {[%emt 0:05:08]} 19. a3 {[%emt 0:00:27]} Nc6 {[%emt 0:00:26]} 20. Ne4 {[%emt 0:00:13]} Bb6 {[%emt 0:00:28]} 21. Rxh7 {[%emt 0:00:40]} Rg8 {[%emt 0:02:00]} 22. Kb1 {[%emt 0:01:24]} Rb8 {[%emt 0:02:55]} 23. N2g3 {[%emt 0:02:42]} Nd4 {[%emt 0:01:01]} 24. Nd6 {[%emt 0:00:37]} Bc7 {[%emt 0:01:25]} 25. Nge4 {[%emt 0:04:18]} Bb7 {[%emt 0:03:40]} 26. Nxb7 {[%emt 0:07:01]} Rxb7 {[%emt 0:00:16]} 27. Bd3 {[%emt 0:00:06]} Rbb8 {[%emt 0:01:14]} 28. c3 {[%emt 0:01:02]} Nc6 {[%emt 0:00:43]} 29. Nc5 {[%emt 0:00:50]} Ra8 {[%emt 0:01:00]} 30. Be4 {[%emt 0:00:31]} Bb6 {[%emt 0:02:07]} 31. Bxc6 {[%emt 0:04:55]} dxc6 {[%emt 0:00:14]} 32. Ne4 {[%emt 0:00:29]} Rad8 {[%emt 0:01:16]} 33. Kc2 {[%emt 0:00:49]} Be3 {[%emt 0:00:52]} 34. g3 {[%emt 0:00:15]} Bb6 {[%emt 0:00:47]} 35. R1h4 {[%emt 0:02:25]} c5 {[%emt 0:01:51]} 36. g6 {[%emt 0:02:05]} c4 {[%emt 0:02:20]} 37. gxf7 {[%emt 0:00:48]} Kxf7 {[%emt 0:00:05]} 38. R4h6 {[%emt 0:00:21]} Be3 {[%emt 0:01:11]} 39. Ng5+ {[%emt 0:00:40]} Ke7 {[%emt 0:00:26]} 40. Rxe6+ {[%emt 0:00:09]} Kf8 {[%emt 0:00:45]} 41. Rh2 {[%emt 0:00:19]} 1-0

[Event "45th Olympiad Budapest 2024"]
[Site "Budapest"]
[Date "2024.09.13"]
[Round "3"]
[Board "2"]
[White "Serina, Arafat"]
[Black "Frayna, Janelle Mae"]
[Result "0-1"]
[WhiteElo "1552"]
[BlackElo "2216"]
[PlyCount "82"]
[EventDate "2024.09.11"]
[EventType "team-tourn"]
[EventRounds "11"]
[EventCountry "HUN"]
[WhiteTeam "Jordan"]
[BlackTeam "Philippines"]
[WhiteTeamCountry "JOR"]
[BlackTeamCountry "PHI"]

1. b3 {[%emt 0:00:08]} e5 {[%emt 0:00:27]} 2. Bb2 {[%emt 0:00:16]} Nc6 {[%emt 0:00:24]} 3. e3 {[%emt 0:00:41]} Nf6 {[%emt 0:00:39]} 4. d4 {[%emt 0:01:44]} exd4 {[%emt 0:02:38]} 5. exd4 {[%emt 0:00:08]} d5 {[%emt 0:00:11]} 6. Nf3 {[%emt 0:01:40]} Bd6 {[%emt 0:00:57]} 7. Bd3 {[%emt 0:01:09]} ({RR} 7. Bb5 O-O 8. O-O Bg4 9. h3 Bh5 10. Nbd2 Ne4 11. Be2 Re8 12. Re1 Qf6 13. c4 Qf4 14. Nxe4 dxe4 15. Ne5 Bxe2 16. Qxe2 Nxe5 17. dxe5 Bxe5 18. Bxe5 Qxe5 19. Rad1 Re7 20. Rd5 Qe6 21. Red1 Rae8 {0-1 Alekseenko,K (2696)-Kollars,D (2598) Titled Arena Mar 6th blitz 2021}) 7... Qe7+ $146 {[%emt 0:06:59]} ({RR} 7... O-O 8. O-O Ne4 9. h3 Re8 10. c4 Bf5 11. Nc3 Nb4 12. Bb1 c6 13. a3 Na6 14. b4 Nxc3 15. Bxc3 Bxb1 16. Rxb1 dxc4 17. Nd2 b5 18. Qf3 Qd7 19. Ne4 Nc7 20. d5 Nxd5 21. Rbd1 Be5 22. Bxe5 {0-1 Cardoso Cardoso,J (2401)-Pultinevicius,P (2501) Chess.com Bullet op2 blitz 2020 (14)}) ({RR} 7... O-O 8. O-O Ne7 9. h3 Ng6 10. Nbd2 Nf4 11. Be2 Qd7 12. Ne5 Qd8 13. Ndf3 Ne4 14. Bd3 f6 15. Ng4 h5 16. Ne3 c6 17. Bxe4 dxe4 18. Nd2 f5 19. Qxh5 Nxh5 {0-1 Guo,A (1883)-Jagirapu,H (2040) Titled Tue 23rd Jul Late 2024 (6)}) ({RR} 7... O-O 8. O-O Bg4 9. Nbd2 Re8 10. c3 Ne4 11. Qc2 Qf6 12. Rae1 Nxd2 13. Nxd2 h5 14. Qc1 Ne7 15. Ba3 Bf4 16. Rxe7 Rxe7 17. Bxe7 Qxe7 18. g3 Bd6 19. Re1 Qf6 20. Re3 c5 21. Qe1 cxd4 22. Re8+ {0-1 Heiberg,T-Morris,W (2380) Baerum 1980 (5)}) ({RR} 7... O-O 8. O-O Nb4 9. c4 c6 10. c5 Bb8 11. a3 Nxd3 12. Qxd3 Ne4 13. Nbd2 Bf5 14. Qe3 Re8 15. Rfe1 Bc7 16. b4 Bg6 17. Ne5 Bxe5 18. dxe5 Rb8 19. Nxe4 Bxe4 20. f3 Bf5 21. g4 Bd7 22. Qd4 {1-0 Jezek,A (1830)-Grussova,H (1963) CZE-chT U20 final-B 0910 2010 (11.2)}) 8. Be2 {[%emt 0:09:21]} O-O {[%emt 0:00:20]} 9. O-O {[%emt 0:01:11]} Bg4 {[%emt 0:05:27]} 10. Re1 {[%emt 0:09:53]} Rfe8 {[%emt 0:00:13]} 11. Nbd2 {[%emt 0:02:32]} Ba3 {[%emt 0:04:18]} 12. Bxa3 {[%emt 0:06:54]} Qxa3 {[%emt 0:00:03]} 13. Qc1 {[%emt 0:16:33]} Qxc1 {[%emt 0:08:24]} 14. Raxc1 {[%emt 0:00:12]} Ne4 {[%emt 0:00:01]} 15. Bb5 {[%emt 0:07:41]} Nxd2 {[%emt 0:02:25]} 16. Rxe8+ {[%emt 0:04:47]} Rxe8 {[%emt 0:00:04]} 17. Nxd2 {[%emt 0:00:29]} Nxd4 {[%emt 0:00:56]} 18. Bxe8 {[%emt 0:02:07]} Ne2+ {[%emt 0:00:03]} 19. Kf1 {[%emt 0:00:12]} Nxc1 {[%emt 0:00:02]} 20. a4 {[%emt 0:03:56]} Bd1 {[%emt 0:10:53]} 21. b4 {[%emt 0:04:26]} Bxc2 {[%emt 0:03:08]} 22. a5 {[%emt 0:00:30]} Nd3 {[%emt 0:04:36]} 23. b5 {[%emt 0:03:22]} Nc5 {[%emt 0:00:55]} 24. Nf3 {[%emt 0:04:51]} Kf8 {[%emt 0:00:32]} 25. b6 {[%emt 0:01:10]} axb6 {[%emt 0:00:50]} 26. Bb5 {[%emt 0:00:51]} bxa5 {[%emt 0:00:11]} 27. Nd4 {[%emt 0:00:57]} Bd3+ {[%emt 0:01:31]} 28. Bxd3 {[%emt 0:00:42]} Nxd3 {[%emt 0:00:02]} 29. Nb3 {[%emt 0:00:33]} a4 {[%emt 0:00:21]} 30. Na1 {[%emt 0:00:16]} Nb4 {[%emt 0:00:52]} 31. Ke2 {[%emt 0:01:16]} d4 {[%emt 0:00:04]} 32. Kd2 {[%emt 0:00:18]} c5 {[%emt 0:00:04]} 33. f3 {[%emt 0:00:28]} b5 {[%emt 0:00:08]} 34. g4 {[%emt 0:00:40]} g5 {[%emt 0:00:09]} 35. h3 {[%emt 0:00:13]} Ke7 {[%emt 0:00:03]} 36. Kc1 {[%emt 0:00:24]} Kd6 {[%emt 0:00:04]} 37. Kd2 {[%emt 0:00:26]} c4 {[%emt 0:00:11]} 38. Kc1 {[%emt 0:00:12]} Ke5 {[%emt 0:00:34]} 39. Kd2 {[%emt 0:00:19]} Kf4 {[%emt 0:00:06]} 40. Kc1 {[%emt 0:00:18]} Ke3 {[%emt 0:00:05]} 41. Kd1 {[%emt 0:00:24]} d3 {[%emt 0:00:13]} 0-1

[Event "45th Olympiad Budapest 2024"]
[Site "Budapest"]
[Date "2024.09.13"]
[Round "3"]
[Board "3"]
[White "Fronda, Jan Jodilyn"]
[Black "Boshra, Alshaeby"]
[Result "1-0"]
[WhiteElo "2165"]
[BlackElo "1939"]
[PlyCount "71"]
[EventDate "2024.09.11"]
[EventType "team-tourn"]
[EventRounds "11"]
[EventCountry "HUN"]
[WhiteTeam "Philippines"]
[BlackTeam "Jordan"]
[WhiteTeamCountry "PHI"]
[BlackTeamCountry "JOR"]

1. e4 {[%emt 0:00:14]} c6 {[%emt 0:00:10]} 2. d4 {[%emt 0:01:32]} d5 {[%emt 0:00:07]} 3. e5 {[%emt 0:00:03]} Bf5 {[%emt 0:00:04]} 4. Bd3 {[%emt 0:00:07]} Bxd3 {[%emt 0:00:06]} 5. Qxd3 {[%emt 0:00:04]} e6 {[%emt 0:00:19]} 6. Nf3 {[%emt 0:00:43]} c5 {[%emt 0:01:22]} 7. dxc5 {[%emt 0:04:36]} Bxc5 {[%emt 0:06:52]} 8. O-O {[%emt 0:00:10]} Nc6 {[%emt 0:01:48]} 9. a3 {[%emt 0:00:40]} ({RR} 9. Nc3 Nge7 10. Bg5 h6 11. Bh4 g5 12. Bg3 Nf5 13. Ne2 h5 14. h3 g4 15. hxg4 Nxg3 16. Nxg3 hxg4 17. Nd2 Qh4 18. Rfe1 O-O-O 19. c3 d4 20. Nde4 dxc3 21. Qxc3 Bb4 22. Qe3 Nd4 23. Rec1+ Kb8 {0-1 Drygalov,S (2490)-Senthil,M (2220) Titled Tuesday intern op 22nd June blitz 2021 (2)}) 9... Rc8 $146 {[%emt 0:09:17]} ({RR} 9... a6 10. b4 Bb6 11. c4 dxc4 12. Qxc4 Nge7 13. Bg5 Qd5 14. Nbd2 O-O 15. Qxd5 Nxd5 16. Ne4 h6 17. Bd2 Nd4 18. Nd6 Nxf3+ 19. gxf3 Bd4 20. Rae1 Rab8 21. Re4 Bb6 22. Be3 Nxe3 23. fxe3 Rfd8 24. Kf2 {1-0 Florescu,C (2220)-Van Baar,E (2176) Titled Tue 5th Sep Early 2023 (7)}) ({RR} 9... a6 10. b4 Bb6 11. Bb2 Nge7 12. Nbd2 Nf5 13. Rad1 O-O 14. c4 Nfe7 15. cxd5 Nxd5 16. Qe4 Qe7 17. Nc4 Bc7 18. Qg4 b5 19. Ncd2 f5 20. exf6 Nxf6 21. Qh3 Nd5 22. Rfe1 Nf4 23. Qg4 h5 24. Qg5 {0-1 Vorontsov,V (1968)-Tsepennikov,A (2041) Berdsk Maestro op 15th 2009 (9)}) ({RR} 9... a6 10. Nc3 Nge7 11. Ne2 Ng6 12. Qc3 Be7 13. Re1 Rc8 14. Nf4 Ncxe5 {0-1 Ho,N (1641)-Meyer,I (1620) GER Cup Net V1 U2000 blitz 2020 (3)}) 10. Nc3 {[%emt 0:06:40]} Be7 {[%emt 0:12:25]} 11. Rd1 {[%emt 0:04:08]} g5 {[%emt 0:04:01]} 12. Qb5 {[%emt 0:06:23]} g4 {[%emt 0:03:05]} 13. Nd4 {[%emt 0:00:34]} Qd7 {[%emt 0:00:42]} 14. Qe2 {[%emt 0:07:06]} h5 {[%emt 0:14:36]} 15. Bf4 {[%emt 0:01:40]} a6 {[%emt 0:07:13]} 16. Nb3 {[%emt 0:03:12]} Qc7 {[%emt 0:05:05]} 17. Qe3 {[%emt 0:01:05]} Na5 {[%emt 0:03:27]} 18. Nxd5 {[%emt 0:18:43]} exd5 {[%emt 0:00:04]} 19. e6 {[%emt 0:00:06]} Nc4 {[%emt 0:04:38]} 20. Qd4 {[%emt 0:01:36]} Bf6 {[%emt 0:07:01]} 21. Qxd5 {[%emt 0:00:14]} Nb6 {[%emt 0:01:01]} 22. Qe4 {[%emt 0:04:24]} Qc6 {[%emt 0:02:03]} 23. Qf5 {[%emt 0:15:23]} Qb5 {[%emt 0:05:00]} 24. Qe4 {[%emt 0:04:32]} Qc6 {[%emt 0:00:06]} 25. Qf5 {[%emt 0:00:14]} Qb5 {[%emt 0:04:04]} 26. Qe4 {[%emt 0:01:59]} Qc6 {[%emt 0:03:22]} 27. Qf5 {[%emt 0:01:27]} Qxc2 {[%emt 0:00:26]} 28. Rd3 {[%emt 0:00:09]} Qxb2 {[%emt 0:00:05]} 29. Re1 {[%emt 0:02:44]} Ne7 {[%emt 0:00:48]} 30. exf7+ {[%emt 0:00:49]} Kf8 {[%emt 0:03:09]} 31. Qe6 {[%emt 0:01:56]} Nbd5 {[%emt 0:02:45]} 32. Rxd5 {[%emt 0:00:34]} Nxd5 {[%emt 0:00:13]} 33. Qxc8+ {[%emt 0:00:09]} Kxf7 {[%emt 0:00:22]} 34. Qe6+ {[%emt 0:00:20]} Kg7 {[%emt 0:00:11]} 35. Qxd5 {[%emt 0:00:07]} Rd8 {[%emt 0:00:58]} 36. Qxd8 {[%emt 0:00:13]} 1-0

[Event "45th Olympiad Budapest 2024"]
[Site "Budapest"]
[Date "2024.09.13"]
[Round "3"]
[Board "1"]
[White "Henderson De La Fuente, Andrea"]
[Black "Goossens, Hanne"]
[Result "1-0"]
[WhiteElo "1986"]
[BlackElo "2189"]
[PlyCount "131"]
[EventDate "2024.09.11"]
[EventType "team-tourn"]
[EventRounds "11"]
[EventCountry "HUN"]
[WhiteTeam "Andorra"]
[BlackTeam "Belgium"]
[WhiteTeamCountry "AND"]
[BlackTeamCountry "BEL"]

1. e4 {[%emt 0:00:02]} e5 {[%emt 0:00:09]} 2. Nf3 {[%emt 0:00:08]} Nc6 {[%emt 0:00:05]} 3. Bb5 {[%emt 0:00:10]} a6 {[%emt 0:00:28]} 4. Ba4 {[%emt 0:00:05]} Nf6 {[%emt 0:00:11]} 5. d3 {[%emt 0:00:06]} d6 {[%emt 0:00:30]} 6. c3 {[%emt 0:00:11]} g6 {[%emt 0:00:28]} 7. Nbd2 {[%emt 0:03:28]} Bg7 {[%emt 0:01:00]} 8. Nf1 {[%emt 0:01:40]} O-O {[%emt 0:09:53]} 9. Ng3 {[%emt 0:00:35]} b5 {[%emt 0:01:16]} 10. Bc2 {[%emt 0:00:24]} d5 {[%emt 0:02:48]} 11. Be3 {[%emt 0:18:45]} ({RR} 11. O-O h6 12. a4 b4 13. a5 Re8 14. Bd2 Rb8 15. Ba4 Bd7 16. Qc2 bxc3 17. Bxc3 Nb4 18. Bxb4 Rxb4 19. Rfc1 Re6 20. h3 c6 21. Nd2 Qb8 22. Nb3 Rd6 23. Nc5 Bc8 24. b3 h5 25. Ne2 Bh6 {1-0 Sadhwani,R (2616)-Grischuk,A (2758) Chess.com Rapid Wk5 Swiss 2022 (8)}) 11... Re8 {[%emt 0:05:50]} 12. O-O {[%emt 0:06:37]} h6 {[%emt 0:06:38]} 13. h3 {[%emt 0:02:40]} a5 $146 {[%emt 0:08:28]} ({RR} 13... Bb7 14. a3 d4 15. Bd2 Qd7 16. cxd4 Nxd4 17. Nxd4 Qxd4 18. b4 Rad8 19. Be3 Qd6 20. Rc1 h5 21. Qe1 Nd7 22. Bb1 Nf8 23. Ne2 Ne6 24. Qc3 Rd7 25. Rfd1 Nf4 26. Rd2 f5 27. f3 Red8 28. Bc5 {1-0 Tejedor Fuente,E (2403)-Pichot,A (2648) TCh-ESP Rapid 2023 (3.2)}) ({RR} 13... Bb7 14. Qc1 Kh7 15. a4 Qd6 16. b4 d4 17. cxd4 exd4 18. Bd2 Nd7 19. Rb1 Rac8 20. Nh2 Ne7 21. axb5 axb5 22. f4 c5 23. bxc5 Qxc5 24. Bb3 f5 25. Be6 Qd6 26. Bxd7 Rxc1 27. Bxe8 Rxf1+ 28. Nhxf1 {0-1 Sadhwani,R (2619)-Kosteniuk,A (2510) Titled Tuesday intern op 14th Jun Late blitz 2022 (4)}) 14. Re1 {[%emt 0:13:14]} d4 {[%emt 0:08:12]} 15. Bd2 {[%emt 0:05:02]} Be6 {[%emt 0:05:28]} 16. cxd4 {[%emt 0:06:03]} exd4 {[%emt 0:03:34]} 17. Qc1 {[%emt 0:05:28]} Kh7 {[%emt 0:04:46]} 18. Bb3 {[%emt 0:02:58]} Qd7 {[%emt 0:02:36]} 19. Bxe6 {[%emt 0:01:23]} Rxe6 {[%emt 0:03:00]} 20. Ne2 {[%emt 0:05:37]} Bf8 {[%emt 0:03:01]} 21. a3 {[%emt 0:06:13]} a4 {[%emt 0:01:42]} 22. b4 {[%emt 0:01:33]} axb3 {[%emt 0:03:18]} 23. Qb2 {[%emt 0:00:10]} Bc5 {[%emt 0:04:39]} 24. Bxh6 {[%emt 0:04:38]} Bb6 {[%emt 0:16:43]} 25. Bd2 {[%emt 0:02:16]} Ree8 {[%emt 0:00:18]} 26. Qxb3 {[%emt 0:01:10]} Na5 {[%emt 0:00:42]} 27. Qb2 {[%emt 0:05:14]} c5 {[%emt 0:02:44]} 28. Reb1 {[%emt 0:01:09]} c4 {[%emt 0:00:56]} 29. Qxb5 {[%emt 0:03:13]} Qxb5 {[%emt 0:01:17]} 30. Rxb5 {[%emt 0:00:01]} Nb3 {[%emt 0:00:59]} 31. Ra2 {[%emt 0:01:39]} Ba7 {[%emt 0:02:07]} 32. dxc4 {[%emt 0:02:17]} Nxd2 {[%emt 0:00:25]} 33. Nxd2 {[%emt 0:00:24]} Nxe4 {[%emt 0:00:07]} 34. Nxe4 {[%emt 0:00:23]} Rxe4 {[%emt 0:00:05]} 35. Rd5 {[%emt 0:01:27]} d3 {[%emt 0:01:17]} 36. Rxd3 {[%emt 0:00:33]} Rxc4 {[%emt 0:00:04]} 37. Rd7 {[%emt 0:00:23]} Kg7 {[%emt 0:00:29]} 38. Rb2 {[%emt 0:00:59]} Rb8 {[%emt 0:01:05]} 39. Rbb7 {[%emt 0:00:54]} Rxb7 {[%emt 0:00:39]} 40. Rxb7 {[%emt 0:00:01]} Ra4 {[%emt 0:00:40]} 41. Rb3 {[%emt 0:09:46]} Bc5 {[%emt 0:00:22]} 42. Nc3 {[%emt 0:00:18]} Rxa3 {[%emt 0:09:48]} 43. Rxa3 {[%emt 0:00:10]} Bxa3 {[%emt 0:00:04]} 44. Nd5 {[%emt 0:00:43]} g5 {[%emt 0:01:29]} 45. g4 {[%emt 0:00:58]} Kg6 {[%emt 0:00:39]} 46. Ne3 {[%emt 0:00:46]} Bd6 {[%emt 0:04:08]} 47. Kg2 {[%emt 0:00:31]} Kf6 {[%emt 0:01:09]} 48. Kf3 {[%emt 0:00:34]} Kg6 {[%emt 0:03:33]} 49. Ke4 {[%emt 0:00:26]} Ba3 {[%emt 0:01:37]} 50. Kd5 {[%emt 0:03:40]} Bb4 {[%emt 0:00:51]} 51. Kc6 {[%emt 0:02:09]} Be1 {[%emt 0:01:06]} 52. f3 {[%emt 0:00:50]} Bg3 {[%emt 0:01:05]} 53. Kd7 {[%emt 0:00:30]} Be5 {[%emt 0:01:02]} 54. Ke7 {[%emt 0:01:20]} Bf4 {[%emt 0:01:17]} 55. Nf5 {[%emt 0:01:34]} Be5 {[%emt 0:00:50]} 56. Nd6 {[%emt 0:00:37]} f6 {[%emt 0:00:46]} 57. Nf5 {[%emt 0:01:16]} Bc3 {[%emt 0:00:42]} 58. Kf8 {[%emt 0:00:58]} Bb2 {[%emt 0:06:16]} 59. Ne7+ {[%emt 0:00:07]} Kh7 {[%emt 0:00:38]} 60. Kf7 {[%emt 0:00:06]} Be5 {[%emt 0:00:22]} 61. Nd5 {[%emt 0:01:58]} Kh6 {[%emt 0:00:19]} 62. Nxf6 {[%emt 0:00:13]} Bf4 {[%emt 0:00:19]} 63. Ne4 {[%emt 0:01:28]} Bc1 {[%emt 0:00:24]} 64. Kf6 {[%emt 0:00:28]} Be3 {[%emt 0:01:23]} 65. Nd6 Bd4+ {[%emt 0:02:08]} 66. Kf5 {[%emt 0:00:13]} 1-0

[Event "45th Olympiad Budapest 2024"]
[Site "Budapest"]
[Date "2024.09.13"]
[Round "3"]
[Board "3"]
[White "Muratet Carmona, Alexandra"]
[Black "De Rycke, Tyani"]
[Result "0-1"]
[WhiteElo "1796"]
[BlackElo "2110"]
[PlyCount "90"]
[EventDate "2024.09.11"]
[EventType "team-tourn"]
[EventRounds "11"]
[EventCountry "HUN"]
[WhiteTeam "Andorra"]
[BlackTeam "Belgium"]
[WhiteTeamCountry "AND"]
[BlackTeamCountry "BEL"]

1. e4 {[%emt 0:00:02]} c5 {[%emt 0:00:05]} 2. Nf3 {[%emt 0:00:06]} Nc6 {[%emt 0:00:05]} 3. d4 {[%emt 0:00:04]} cxd4 {[%emt 0:00:05]} 4. Nxd4 {[%emt 0:00:05]} Nf6 {[%emt 0:00:04]} 5. Nc3 {[%emt 0:00:13]} e5 {[%emt 0:00:15]} 6. Ndb5 {[%emt 0:01:20]} d6 {[%emt 0:00:18]} 7. Bg5 {[%emt 0:01:41]} a6 {[%emt 0:00:17]} 8. Na3 {[%emt 0:01:15]} b5 {[%emt 0:01:06]} 9. Nab1 {[%emt 0:01:04]} Be7 {[%emt 0:01:34]} 10. Bxf6 {[%emt 0:01:11]} Bxf6 {[%emt 0:00:19]} 11. Nd5 {[%emt 0:01:33]} O-O {[%emt 0:01:00]} 12. a4 {[%emt 0:03:55]} b4 {[%emt 0:10:10]} 13. Bc4 {[%emt 0:05:54]} Be6 {[%emt 0:04:47]} ({RR} 13... Bg5 14. O-O Kh8 15. c3 bxc3 16. bxc3 f5 17. exf5 Bxf5 18. Na3 e4 19. Nc2 Ne5 20. Be2 Be6 21. Nce3 Nd7 22. a5 Nc5 23. Bc4 Ra7 24. Qe2 Raf7 25. Bxa6 Bh4 26. g3 Bg5 27. Bc4 Bh3 28. a6 {0-1 Pichot,A (2637)-Grischuk,A (2745) MrDodgy Inv 3 Finals 2022 (2.6)}) 14. Nd2 {[%emt 0:09:39]} Bg5 {[%emt 0:05:42]} 15. O-O {[%emt 0:04:25]} Ne7 $146 {[%emt 0:07:16]} ({RR} 15... Na5 16. Ba2 Qb8 17. Nc4 Nxc4 18. Bxc4 a5 19. Qd3 Kh8 20. Rad1 f5 21. exf5 Bxf5 22. Qe2 Ra7 23. Bd3 g6 24. Bxf5 gxf5 25. f4 Bd8 26. Kh1 Rg7 27. Ne3 exf4 28. Nd5 Bg5 29. Nxf4 Re7 30. Qd3 {1-0 Savon,V (2545)-Ostojic,P (2495) Yerevan 1976 (2)}) ({RR} 15... a5 16. Nf3 Bh6 17. h3 Kh8 18. Qe2 f5 19. exf5 Bxf5 20. Rad1 Bg6 21. Ne3 e4 22. Nd4 Ne5 23. Ne6 Qh4 24. Nxf8 Rxf8 25. Ng4 Bh5 26. Be6 Nf3+ 27. gxf3 exf3 28. Qe4 Qxh3 29. Ne3 Bg4 30. Qxg4 {1-0 Ju,W (2558)-Szczepanek,R (2205) Titled Tue 18th Jun Early 2024 (1)}) ({RR} 15... Kh8 16. Nf3 Bh6 17. Bb3 g6 18. Qd3 Qa5 19. Ne3 Qc5 20. Bxe6 fxe6 21. Rad1 Rad8 22. Qxa6 Bxe3 23. fxe3 Qxe3+ 24. Kh1 Qxe4 25. Ng5 Qg4 26. Qxc6 Qxg5 27. Rxf8+ Rxf8 28. Qxd6 Qf5 29. h3 Kg8 30. a5 {1-0 Weinstein,N (2430)-Spraggett,K (2450) Quebec op Montreal 1976 (6)}) ({RR} 15... Qb8 16. Nf3 Bd8 17. Qd3 Na5 18. Ba2 Nb7 19. Qe3 a5 20. Rfd1 Kh8 21. c3 Qa7 22. Qe2 Nc5 23. cxb4 axb4 24. Bc4 Qb7 25. b3 f5 26. exf5 Bxf5 27. Ne3 Be4 28. Rxd6 Rxf3 29. gxf3 Bxf3 30. Qd2 {1-0 Bashkov,V (2450)-Pachow,J (2300) Katowice Fibak op 1993 (4)}) 16. f4 {[%emt 0:11:15]} exf4 {[%emt 0:09:15]} 17. Nxf4 {[%emt 0:06:29]} Bxc4 {[%emt 0:03:34]} 18. Nxc4 {[%emt 0:01:30]} Qc7 {[%emt 0:02:31]} 19. Qd3 {[%emt 0:07:18]} Bxf4 {[%emt 0:04:27]} 20. Rxf4 {[%emt 0:15:04]} d5 {[%emt 0:00:54]} 21. e5 {[%emt 0:03:33]} dxc4 {[%emt 0:00:32]} 22. Rxc4 {[%emt 0:01:19]} Qxe5 {[%emt 0:01:25]} 23. Rxb4 {[%emt 0:03:44]} Qc5+ {[%emt 0:02:26]} 24. Qd4 {[%emt 0:01:06]} Qxd4+ {[%emt 0:02:36]} 25. Rxd4 {[%emt 0:00:05]} Rfd8 {[%emt 0:00:22]} 26. Rc4 {[%emt 0:01:26]} Rac8 {[%emt 0:00:38]} 27. Re4 {[%emt 0:00:53]} Nd5 {[%emt 0:05:02]} 28. Rae1 {[%emt 0:00:55]} Nf6 {[%emt 0:02:40]} 29. R4e2 {[%emt 0:01:00]} Kf8 {[%emt 0:04:06]} 30. Rc1 {[%emt 0:08:23]} Rd4 {[%emt 0:02:12]} 31. b3 {[%emt 0:03:33]} Nd5 {[%emt 0:01:34]} 32. c4 {[%emt 0:03:22]} Nf4 {[%emt 0:02:01]} 33. Rec2 {[%emt 0:02:12]} Rd3 {[%emt 0:00:57]} 34. g3 {[%emt 0:01:01]} Ne6 {[%emt 0:00:53]} 35. Rb1 {[%emt 0:00:51]} Nc5 {[%emt 0:03:52]} 36. b4 {[%emt 0:00:18]} Nxa4 {[%emt 0:01:55]} 37. Ra1 {[%emt 0:00:18]} Nb6 {[%emt 0:01:01]} 38. Rxa6 {[%emt 0:00:31]} Nxc4 {[%emt 0:01:17]} 39. b5 {[%emt 0:00:31]} Rd5 {[%emt 0:01:58]} 40. Ra4 {[%emt 0:00:57]} Rdc5 {[%emt 0:01:05]} 41. Rb4 {[%emt 0:00:33]} Nd6 {[%emt 0:02:44]} 42. Rcb2 {[%emt 0:02:52]} Rb8 {[%emt 0:03:30]} 43. b6 {[%emt 0:04:04]} Rc6 {[%emt 0:01:05]} 44. Kf2 {[%emt 0:05:37]} Rb7 {[%emt 0:01:48]} 45. Ke3 {[%emt 0:06:42]} Nc4+ {[%emt 0:00:16]} 0-1